Lauréats du Prix Goncourt 1903-2019 - Statistiques

Statistiques générales
  • Ce quiz a été pris 818 fois
  • Le résultat moyen est 25 sur 117
Statistiques - réponses
Année Ouvrage Auteur % Correct
1975 La Vie devant soi Emile Ajar (Romain Gary)
81%
1956 Les Racines du ciel Romain Gary
81%
1984 L'Amant Marguerite Duras
71%
1933 La Condition humaine André Malraux
68%
2010 La Carte et le Territoire Michel Houellebecq
67%
1919 A l'ombre des jeunes filles en fleurs Marcel Proust
66%
2013 Au revoir là-haut Pierre Lemaitre
62%
2016 Chanson douce Leïla Slimani
57%
1978 Rue des boutiques obscures Patrick Modiano
48%
2009 Trois femmes puissantes Marie NDiaye
46%
1954 Les Mandarins Simone de Beauvoir
46%
2001 Rouge Brésil Jean-Christophe Rufin
45%
1951 Le Rivage des Syrtes Julien Gracq
42%
1970 Le Roi des aulnes Michel Tournier
41%
2018 Leurs enfants après eux Nicolas Mathieu
40%
1916 Le Feu Henri Barbusse
39%
2004 Le Soleil des Scorta Laurent Gaudé
39%
1944 Le premier accroc coûte 200 francs Elsa Triolet
34%
2019 Tous les hommes n'habitent pas le monde de la même façon Jean-Paul Dubois
34%
2006 Les Bienveillantes Jonathan Littell
33%
2017 L'Ordre du jour Eric Vuillard
32%
1988 L'Exposition coloniale Erik Orsenna
32%
2012 Le Sermon sur la chute de Rome Jérôme Ferrari
32%
1903 Force Ennemie John-Antoine Nau
32%
2015 Boussole Mathias Enard
32%
1985 Les Noces barbares Yann Queffélec
32%
1999 Je m'en vais Jean Echenoz
31%
2014 Pas pleurer Lydie Salvayre
30%
1995 Le Testament français Andreï Makine
29%
1925 Raboliot Maurice Genevoix
29%
1949 Week-end à Zuydcoote Robert Merle
29%
1987 La nuit sacrée Tahar Ben Jelloun
27%
1910 De Goupil à Margot Louis Pergaud
25%
2011 L'Art français de la guerre Alexis Jenni
24%
1948 Les Grandes Familles Maurice Druon
24%
2008 Syngué sabour. Pierre de patience Atiq Rahimi
23%
1952 Léon Morin, prêtre Béatrix Beck
23%
1938 L'Araigne Henri Troyat
23%
1992 Texaco Patrick Chamoiseau
23%
1993 Le Rocher de Tanios Amin Maalouf
21%
1977 John l'Enfer Didier Decoin
21%
1966 Oublier Palerme Edmonde Charles-Roux
21%
1928 Un homme se penche sur son passé Maurice Constantin-Weyer
21%
2002 Les Ombres errantes Pascal Quignard
21%
2005 Trois jours chez ma mère François Weyergans
20%
1990 Les Champs d'honneur Jean Rouaud
20%
1994 Un aller simple Didier van Cauwelaert
19%
2007 Alabama Song Gilles Leroy
18%
1904 La Maternelle Léon Frapié
18%
1997 La Bataille Patrick Rambaud
18%
1911 Monsieur des Lourdines Alphonse de Châteaubriant
16%
1979 Pélagie-la-Charrette Antonine Maillet
16%
1968 Les Fruits de l'hiver Bernard Clavel
16%
1973 L'Ogre Jacques Chessex
16%
1996 Le Chasseur Zéro Pascale Roze
16%
1918 Civilisation Georges Duhamel
15%
1971 Les Bêtises Jacques Laurent
15%
1989 Un grand pas vers le bon Dieu Jean Vautrin
15%
1921 Batouala René Maran
15%
1980 Le Jardin d'acclimatation Yves Navarre
15%
2003 La Maîtresse de Brecht Jacques-Pierre Amette
14%
1961 La Pitié de Dieu Jean Cau
14%
2000 Ingrid Caven Jean-Jacques Schuhl
14%
1998 Confidence pour confidence Paule Constant
14%
1945 Mon village à l'heure allemande Jean-Louis Bory
13%
1991 Les Filles du calvaire Pierre Combescot
13%
1934 Capitaine Conan Roger Vercel
13%
1964 L'Etat sauvage Georges Conchon
12%
1972 L'Epervier de Maheux Jean Carrière
12%
1974 La Dentellière Pascal Lainé
12%
1957 La Loi Roger Vailland
12%
1914 L'Appel du sol Adrien Bertrand
11%
1962 Les Bagages de sable Anna Langfus
11%
1905 Les Civilisés Claude Farrère
11%
1907 Terres lorraines et Jean des Brebis ou le livre de la misère Emile Mossely
11%
1969 Creezy Félicien Marceau
11%
1983 Les Egarés Frédérick Tristan
11%
1917 La Flamme au poing Henry Malherbe
11%
1906 Dingley, l'illustre écrivain Jérôme et Jean Tharaud
11%
1986 Valet de nuit Michel Host
11%
1976 Les Flamboyants Patrick Grainville
11%
1915 Gaspard René Benjamin
11%
1960 Dieu est né en exil Vintila Horia
11%
1967 La Marge André Pieyre de Mandiargues
10%
1982 Dans la main de l'ange Dominique Fernandez
10%
1941 Vent de Mars Henri Pourrat
10%
1931 Mal d'amour Jean Fayard
10%
1909 En France Marius-Ary Leblond
10%
1912 Filles de la pluie André Savignon
9%
1963 Quand la mer se retire Armand Lanoux
9%
1908 Ecrit sur l'eau... Francis de Miomandre
9%
1958 Saint-Germain ou la Négociation Francis Walder
9%
1965 L'Adoration Jacques Borel
9%
1981 Anne Marie Lucien Bodard
9%
1923 Rabevel ou le Mal des ardents Lucien Fabre
9%
1942 Pareil à des enfants Marc Bernard
9%
1955 Les Eaux mêlées Roger Ikor
9%
1959 Le Dernier des Justes André Schwarz-Bart
8%
1920 Nêne Ernest Pérochon
8%
1922 Le Vitriol de Lune et Le Martyre de l'obèse Henri Béraud
8%
1935 Sang et Lumières Joseph Peyré
8%
1927 Jérôme 60° latitude nord Maurice Bedel
8%
1950 Les Jeux sauvages Paul Colin
8%
1932 Les Loups Guy Mazeline
7%
1930 Malaisie Henri Fauconnier
7%
1913 Le Peuple de la mer Marc Elder
7%
1936 L'Empreinte du dieu Maxence Van der Meersch
7%
1953 Les Bêtes Pierre Gascar
7%
1924 Le Chèvrefeuille, le Purgatoire, le Chapitre XIII Thierry Sandre
7%
1937 Faux passeports Charles Plisnier
6%
1947 Les Forêts de la nuit Jean-Louis Curtis
6%
1943 Passage de l'homme Marius Grout
6%
1939 Les Enfants gâtés Philippe Hériat
6%
1940 Les Grandes Vacances Francis Ambrière
5%
1926 Le Supplice de Phèdre Henri Deberly
4%
1946 Histoire d'un fait divers Jean-Jacques Gautier
4%
1929 L'Ordre Marcel Arland
4%
Aucun quiz correspondant
Distribution des résultats
% des personnes avec chaque résultat
Percentile par nombre de réponses
Votre historique - résultats
Vous n’avez pas pris ce quiz